QUEST Central Library Banner

Oh you hindu awake (Record no. 10206)

MARC details
000 -LEADER
fixed length control field 00400nam a2200133 a 4500
100 1# - MAIN ENTRY--AUTHOR NAME
Personal name Chatterjee.
245 14 - TITLE STATEMENT
Title Oh you hindu awake
260 ## - PUBLICATION, DISTRIBUTION, ETC. (IMPRINT)
Place of publication [USA] :
Name of publisher Chatterjee,
Year of publication 1997.
300 ## - PHYSICAL DESCRIPTION
Number of Pages 432 p. ;
856 40 - ELECTRONIC LOCATION AND ACCESS
Uniform Resource Identifier http://www.amazon.com/exec/obidos/ASIN/chopaconline-20
Holdings
Withdrawn status Lost status Home library Current library Date acquired Full call number Accession Number Koha item type
    Central Library, QUEST, Nawabshah Central Library, QUEST, Nawabshah 19/09/2014 297.152CHA D708 Books

Copyright © 2018,The QUEST, Nawabshah, Shaheed Benazirabad. All rights reserved
Mr. G. Farooq Channar (Librarian) QUEST, Nawabshah, Sindh, Pakistan 67480.
 Ph#: |   0244-9370381-4 Ext. 2308   Email| lib@quest.edu.pk   Web|  http://www.quest.edu.pk